Регионална библиотека "Любен Каравелов" - Русе

Grammaire Anglaise A L'Usage Des Francais (Запис номер 391342)

MARC детайли
000 -Лидер
Контролно поле с фиксирана дължина 01402nam a2200349 a 4500
003 - Код на организацията, давaща контролен номер
Контролно поле BLK
005 - Дата и час на последна редакция
Контролно поле 20231027123844.0
008 - Елементи от данни с фиксирана дължина
fixed length control field 180411b bul|||||r ||||||| ||bul||
010 ## - Наследен системен номер
LC control number KNG00191602000
040 ## - Източник на каталожния запис
Идентификатор на билиотеката - собственик на записа BLK
041 ## - Код за език
Код за езика на текст/звукозапис или на отделно заглавие Френски
Код за езика КДБФ Френски
080 ## - УДК
Текстов определител УДК Английски език
УДК код - определител по УДК 811.111
УДК определител -5
УДК - код + определител 811.111-5
100 ## - Редна дума - Автор
Автор Fuchs, Paul
R(LIN) 435972
139 ## - Редно поле
Редна дума Fuchs, Paul
245 10 - Сведения за заглавието
Заглавие Grammaire Anglaise A L'Usage Des Francais
Подзаглавни данни Nouvelle methode de H. G. Ollendorff
Редно поле (дума) Paul Fuchs
250 ## - Област на изданието
Сведения за изданието 4. ed.
257 ## - Страна на издаване
Страна на създаване/издаване Франция
260 ## - Област на издателските данни
Място на издаване, разпространение и проч. Francfort s. M.
Име на издателя, разпространителя и проч. Charles Jugel
Година на издаване 1875
9 (RLIN) 435973
300 ## - Физическа характеристика
Страници XXIII, 664 p.
Размери/Мащаб 18 см
380 ## - Жанр
Жанр Езикознание. Филология
490 ## - СЕРИИ (Колекции)
9 (RLIN) 435080
Име на серия Колекция Редки и ценни издания
490 ## - СЕРИИ (Колекции)
9 (RLIN) 435931
Име на серия Лична библиотека на Захари Стоянов
№: серия 42
500 ## - Общи забележки
Забележка Датирано: 27.ІV.936 г. № 175.
650 #0 - Допълнително описание по предмет – тема
Основно описание – тема или топоним Английски език - граматика
9 (RLIN) 252124
653 #7 - Ключова дума – ненормативна
Ключова дума английски език
9 (RLIN) 180906
653 ## - Ключова дума – ненормативна
Ключова дума граматика
852 ## - Местоположение
Форматна сигнатура Рф 875 ЗСт
Фондова буква Редки и ценни
856 4# - Електронен адрес и достъп
Електронен формат jpg - файл
Име на файл Заглавна страница
Права за достъп Достъп за регистрирани потребители
Път до файла /url/ http://185.138.176.146:18082/cgi-bin/koha/opac-retrieve-file.pl?id=1af9f4894beaf83e7aaaad49686c7961
Допълнителна информация (Корица, съдържание, пълен текст, звуков файл, HTML файл) Изображение
Информация за съдържанието Заглавна страница
942 ## - АРТИКУЛИ
Вид на библиотечния материал Книги
Скрит в OPAC Не
Периодичен библиозапис Да
944 ## - СЪЗДАВАНЕ И РЕДАКЦИЯ на ЗАПИСА
Създаване/Редакция Създаване
Дата на регистрацията/редакция 2020-11-05
Служител, извършил регистрацията/редакцията 30542
Статус, дата на статуса Русанова Ирена
999 ## - СИСТЕМНИ КОНТРОЛНИ НОМЕРА
Koha biblionumber 391342
Koha biblioitemnumber 391342
999 ## - СИСТЕМНИ КОНТРОЛНИ НОМЕРА
Koha biblioitemnumber 391342
Наличности
Код за отписване Код за изгубен артикул Източник на класификационната схема Код за повреда Коз за рестрикции Код за отдаване Артикулен № Име на библиотеката - собственик Име на библиотеката, в която се намира в момента Статус (Текущо местоположение) Дата на вписване в системата Местоположение - отдел Цена в лева Инвентарен номер Систематично азбучна сигнатура Баркод Цена в евро Служебен тип на артикула
  Не е изгубен Universal Decimal Classification Не е повреден само за читалня Специални фондове ( старопечатни, редки и ценни, фонд М. Арнаудов) 804849 Регионална библиотека "Любен Каравелов" Русе Регионална библиотека "Любен Каравелов" Русе Редки и ценни 2020-11-06 Редки и ценни 1.36 16578 Рф 875 ЗСт 900000038379 0.70 Книги
Vip Innovations Ltd, Rousse, Bulgaria 2025